|
|
|
|
| LEADER |
01688nam a22003731a 4500 |
| 001 |
000041234 |
| 003 |
17534 |
| 005 |
20220829134813.0 |
| 008 |
170413s2016 vm 000 vie |
| 040 |
|
|
|a LNN
|
| 041 |
|
|
|a VIE
|
| 082 |
|
|
|a 407
|b NG-T
|
| 100 |
|
|
|a Nguyễn, Phan Phương Thảo
|
| 245 |
|
0 |
|a NGHIÊN CỨU VIỆC SỬ DỤNG CHIẾNLƯỢCHỌC TỪVỰNG, TỪ VỰNG CỦA SINH VIÊN NĂM NHẤT TRƯỜNG ĐẠI HỌC BÁCH KHOA-ĐẠI HỌC ĐÀ NẴNG. /
|c Nguyễn Phan Phương Thảo.
|
| 260 |
|
|
|a ĐHNN,
|c 2016.
|
| 300 |
|
|
|a 51tr . : ill ; 30cm.
|
| 490 |
|
|
|a Báo cáo tổng kêt đè tài KH&CN cấp cơ sở
|b Mã số: T2016-05-10.Bản tóm tắt
|
| 650 |
|
|
|a CHIẾN LƯỢC HỌC TỪ VỰNG, TỪ VỰNG CỦA SINH VIÊN NĂM NHẤT TRƯỜNG ĐẠI HỌC BÁCH KHOA-ĐẠI HỌC ĐÀ NẴNG.
|
| 653 |
|
|
|a Nguyễn Phan Phương Thảo,2016,CHIẾNLƯỢCHỌC TỪVỰNG, TỪ VỰNG CỦA SINH VIÊN NĂM NHẤT TRƯỜNG ĐẠI HỌC BÁCH KHOA-ĐẠI HỌC ĐÀ NẴNG.
|
| 700 |
|
|
|a ThS.Nguyễn Phan Phương Thảo
|
| 852 |
|
|
|b ĐTNC
|
| OWN |
|
|
|a LNN
|
| AVA |
|
|
|a UDN50
|b LNN
|c Reference Works
|d 407 NG-T
|e available
|t Error 5001 Not defined in file expand_doc_bib_avail.
|f 1
|g 0
|h N
|i 0
|j DT
|k 1
|
| 999 |
|
|
|a From the UDN01
|
| AVA |
|
|
|a UDN50
|b LNN
|c Reference Works
|d 407 NG-T
|e available
|t Error 5001 Not defined in file expand_doc_bib_avail.
|f 1
|g 0
|h N
|i 0
|j DT
|k 1
|
| TYP |
|
|
|a Monograph
|
| TYP |
|
|
|a Printed language
|
| 980 |
|
|
|a Mạng thư viện Đại học Đà Nẵng
|